Rozpoznaj miejsce w Szczecinie po zdjęciu - Statystyki

Ogólne statystyki
  • Ten quiz został rozwiązany 25 razy
  • Średni wynik to 8 z 16
Statystyki odpowiedzi
Obrazkowy Odpowiedź % Poprawnych
Brama Portowa
96%
Jasne Błonia
91%
Jezioro Szmaragdowe
87%
Wały Chrobrego
83%
Łasztownia
78%
Kino Pionier
74%
Arkonka
70%
Jezioro Dąbie
65%
Brama Królewska
61%
Cmentarz Centralny
57%
Dworzec Szczecin Główny
17%
Big Tower
13%
Cmentarz Zachodni
9%
Aeroklub Szczeciński
4%
Bazylika archikatedralna Św. Jakuba
4%
Park Przygodna
4%
Nie znaleziono quizów pasujących do podanych kryteriów
Rozkład punktacji
Procent ludzi z każdym wynikiem
Percentyl według liczby udzielonych odpowiedzi
Twoja historia wyników
Nie rozwiązałeś tego quizu